1219 1844 1020 1529 1340 1311 1684 1361 1176 1955 1043 1009 1263 1627 1441 1689 1063 1106 1096 1956 1463 1621 1708 1354 1986 1647 1058 1233 1774 1526 1036 1874 1748 1183 1616 1281 1406 1225 1886 1999 1888 1900 1301 1267 1992 1288 1008 1128 1143 1600 1451 1839 1784 1971 1643 1539 1614 1476 1571 1989 1536 1591 1439 1300 1030 1342 1780 1338 1244 1232 1277 1418 1210 1805 1638 1345 1070 1719 1656 1091 1918 1168 1614 1262 1815 1746 1265 1984 1057 1257 1582 1870 1538 1161 1607 1881 1686 1223 1555 BCNSPRNW ULIB Ver.6.0+V

เปลี่ยนเป็นภาษาไทย

Change to English
 แสดงรายละเอียดบรรณานุกรม
  กลับหน้าหลัก

Brief Record : Get Marc (ISO 2709) : E-mail record : QR code < ปิดหน้าต่าง
LEADER : 00000nam 2200000uu 4500
001    13399107681
003     ULIB
008    110120s2553th 000 0 tha d
020    9789746725071
060 04 WY157^bส739ก 2553
100 0  สุกัญญา ปริสัญญกุล
245 10 การพยาบาลสตรีในระยะคลอด /^cสุกัญญา ปริสัญญกุล, นันทพรแสนศิริพันธ์
250    พิมพ์ครั้งที่ 2
260    เชียงใหม่ :^bโครงการตำรา คณะพยาบาลศาสตร์มหาวิทยาลัยเชียงใหม่,^c2553
300    ก-ฎ, 224 หน้า :^bภาพประกอบ ;^c27 ซม.
504    มีบรรณานุกรมและดรรชนี
650  7 การคลอด
650  7 การพยาบาลสูติศาสตร์
650  7 ความเจ็บปวด
700 0  นันทพร แสนศิริพันธ์
710 2  มหาวิทยาลัยเชียงใหม่. ^bคณะพยาบาลศาสตร์
945    ^p290^l0^i029502
945    ^p290^l0^i029504
945    ^p290^l0^i029503
945    ^p290^l0^i029341
945    ^p290^l0^i029340
945    ^p290^l0^i029505
945    ^p290^l0^i029339
945    ^p290^l0^i030386
945    ^p290^l0^i030387
945    ^p290^l0^i030388
995    เกษร
999 ^a ใช้งานได้ทุกระบบ
รายการนี้ยังไม่มีแท็ก
คุณยังไม่ได้ล็อกอิน คุณสามารถมีกิจกรรมร่วมกับเว็บไซต์ได้ แต่ต้องล็อกอินก่อน ::
  ล็อกอิน

รายการสื่อสารสนเทศ

ลำดับที่ ประเภท เลขเรียก/บาร์โค้ด สถานที่ สถานะ
1. วิทยาศาสตร์การแพทย์ และสุขภาพ
หนังสือสำรอง
สถานะ=หนังสือสำรอง
WY157 ส739ก 2553 ฉ.1 
  Barcode: 029339
ห้องสมุดวิทยาเขตสวรรค์ประชารักษ์
►ส่วนจัดเก็บหนังสือเก่า สปร
บนชั้น
  ขอยืม
2. วิทยาศาสตร์การแพทย์ และสุขภาพ
วิทยาศาสตร์การแพทย์ และสุขภาพ
WY157 ส739ก 2553 ฉ.10 
  Barcode: 030388
ห้องสมุดวิทยาเขตสวรรค์ประชารักษ์
►ส่วนจัดเก็บหนังสือเก่า สปร
บนชั้น
  ขอยืม
3. วิทยาศาสตร์การแพทย์ และสุขภาพ
วิทยาศาสตร์การแพทย์ และสุขภาพ
WY157 ส739ก 2553 ฉ.2 
  Barcode: 029340
ห้องสมุดวิทยาเขตสวรรค์ประชารักษ์
►ส่วนจัดเก็บหนังสือเก่า สปร
บนชั้น
  ขอยืม
4. วิทยาศาสตร์การแพทย์ และสุขภาพ
วิทยาศาสตร์การแพทย์ และสุขภาพ
WY157 ส739ก 2553 ฉ.3 
  Barcode: 029341
ห้องสมุดวิทยาเขตสวรรค์ประชารักษ์
►ส่วนจัดเก็บหนังสือเก่า สปร
บนชั้น
  ขอยืม
5. วิทยาศาสตร์การแพทย์ และสุขภาพ
วิทยาศาสตร์การแพทย์ และสุขภาพ
WY157 ส739ก 2553 ฉ.4 
  Barcode: 029502
ห้องสมุดวิทยาเขตสวรรค์ประชารักษ์
►ส่วนจัดเก็บหนังสือเก่า สปร
บนชั้น
  ขอยืม
6. วิทยาศาสตร์การแพทย์ และสุขภาพ
วิทยาศาสตร์การแพทย์ และสุขภาพ
WY157 ส739ก 2553 ฉ.5 
  Barcode: 029503
ห้องสมุดวิทยาเขตสวรรค์ประชารักษ์
►ส่วนจัดเก็บหนังสือเก่า สปร
บนชั้น
  ขอยืม
7. วิทยาศาสตร์การแพทย์ และสุขภาพ
วิทยาศาสตร์การแพทย์ และสุขภาพ
WY157 ส739ก 2553 ฉ.6 
  Barcode: 029504
ห้องสมุดวิทยาเขตสวรรค์ประชารักษ์
►ส่วนจัดเก็บหนังสือเก่า สปร
บนชั้น
  ขอยืม
8. วิทยาศาสตร์การแพทย์ และสุขภาพ
วิทยาศาสตร์การแพทย์ และสุขภาพ
WY157 ส739ก 2553 ฉ.7 
  Barcode: 029505
ห้องสมุดวิทยาเขตสวรรค์ประชารักษ์
►ส่วนจัดเก็บหนังสือเก่า สปร
บนชั้น
  ขอยืม
9. วิทยาศาสตร์การแพทย์ และสุขภาพ
วิทยาศาสตร์การแพทย์ และสุขภาพ
WY157 ส739ก 2553 ฉ.8 
  Barcode: 030386
ห้องสมุดวิทยาเขตสวรรค์ประชารักษ์
►ส่วนจัดเก็บหนังสือเก่า สปร
บนชั้น
  ขอยืม
10. วิทยาศาสตร์การแพทย์ และสุขภาพ
วิทยาศาสตร์การแพทย์ และสุขภาพ
WY157 ส739ก 2553 ฉ.9 
  Barcode: 030387
ห้องสมุดวิทยาเขตสวรรค์ประชารักษ์
►ส่วนจัดเก็บหนังสือเก่า สปร
บนชั้น
  ขอยืม

รายการใกล้เคียง
    หัวเรื่อง [การคลอด]
    หัวเรื่อง [การพยาบาลสูติศาสตร์]
    หัวเรื่อง [ความเจ็บปวด]

BibComment


ยังไม่เคยถูกคอมเมนท์

คอมเมนท์ทรัพยากรรายการนี้
  คอมเมนท์: การพยาบาลสตรีในระ..

สมาชิกที่บันทึกรายการนี้ไว้ในรายการโปรด
นายขวัญชัย ส่างแก้ว

 Copyright 2026. Bcnsprnw @Library